Les vainqueurs d'étapes au départ du Tour de France 2022 ? - Statistiques

Statistiques générales
  • Ce quiz a été pris 222 fois
  • Le résultat moyen est 22 sur 38
Statistiques - réponses
Equipe Coureur % Correct
UAE TEAM EMIRATES Tadej Pogacar
99%
JUMBO - VISMA Wout Van Aert
90%
JUMBO - VISMA Primoz Roglic
89%
GROUPAMA - FDJ Thibault Pinot
85%
TEAM DSM Romain Bardet
84%
INEOS GRENADIERS Geraint Thomas
83%
TOTALENERGIES Peter Sagan
81%
TEAM ARKEA - SAMSIC Warren Barguil
78%
ISRAEL-PREMIER TECH Christopher Froome
74%
TEAM ARKEA - SAMSIC Nairo Quintana
74%
LOTTO SOUDAL Caleb Ewan
67%
ALPECIN-DECEUNINCK Mathieu Van der Poel
67%
UAE TEAM EMIRATES Rafal Majka
67%
B&B HOTELS - KTM Pierre Rolland
66%
EF EDUCATION - EASYPOST Rigoberto Uran
65%
AG2R CITROEN TEAM Ben O'Connor
63%
JUMBO - VISMA Sepp Kuss
59%
ASTANA - QAZAQSTAN TEAM Alexey Lutsenko
57%
BAHREIN VICTORIOUS Matej Mohoric
54%
TEAM BIKEEXCHANGE-JAYCO Dylan Groenewegen
53%
TEAM BIKEEXCHANGE-JAYCO Michael Matthews
53%
BORA - HANSGROHE Lennard Kämna
52%
UAE TEAM EMIRATES Marc Hirschi
52%
TREK - SEGAFREDO Bauke Mollema
51%
INTERMARCHE - WANTY - GOBERT MATERIAUX Alexander Kristoff
48%
BAHREIN VICTORIOUS Dylan Teuns
48%
LOTTO SOUDAL Philippe Gilbert
46%
TOTALENERGIES Alexis Vuillermoz
45%
COFIDIS Ion Izagirre
41%
BORA - HANSGROHE Nils Politt
40%
TREK - SEGAFREDO Tony Gallopin
40%
EF EDUCATION - EASYPOST Magnus Cort Nielsen
38%
TOTALENERGIES Maciej Bodnar
36%
BORA - HANSGROHE Patrick Konrad
36%
TEAM DSM John Degenkolb
34%
COFIDIS Simon Geschke
33%
BAHREIN VICTORIOUS Luis Leon Sanchez
30%
TOTALENERGIES Edvald Boasso Hagen
22%
Aucun quiz correspondant
Distribution des résultats
% des personnes avec chaque résultat
Percentile par nombre de réponses
Votre historique - résultats
Vous n’avez pas pris ce quiz